000 00969cam a22003137a 4500
003 CHAP
005 20220329140250.0
008 971013s1986 r 00010 d
010 _a49454
011 _a50426
035 _a54576
040 _cCHAP
090 _aFolleto 10344
100 0 0 _aRobinson, Harold.
_997988
245 1 2 _aA Palynological Study of the Liabeae (Asteraceae)
260 _aWashington :
_bSmithsonian Institution,
_c1986
300 _a50 p.
_b: ilus.
490 0 _aSmithsonian contributions to botany
_v; 64
590 _aBATCH-UPD
_b10
_c20130110
_lUCH01
_h0503
590 _aBATCH-UPD
_b10
_c20130110
_lUCH01
_h2321
590 _aCONVERSION
_b10
_c20130109
_lUCH01
_h1327
650 1 4 _aCompuestas
_926116
650 1 4 _aPolen.
_990208
700 0 _aMarticorena, Clodomiro.
_971636
830 0 _aSmithsonian contributions to botany
_v; 64
_9107168
901 _aBK
942 _cFOLL
949 _aFolleto 10344
_bBC
_cFOLL
_d-120317
_eTS1
_i54576
_si
999 _c49454
_d49454